[Event "Sydney Open 2019"]
[Site "Sydney"]
[Date "2019.04.26"]
[Round "6.5"]
[White "Hu, Jason"]
[Black "Padmini, Rout"]
[Result "0-1"]
[WhiteElo "2132"]
[BlackElo "2364"]
[Annotator "TA"]
[PlyCount "100"]
[EventDate "2019.04.24"]
[EventType "swiss"]
[EventCountry "AUS"]
[SourceTitle "playchess.com"]
[Source "ChessBase"]
[SourceQuality "1"]

{[%evp 20,100,20,17,39,28,51,-18,-17,-18,0,0,0,0,0,-29,-28,-16,0,0,0,-20,-10,-61,0,0,4,14,33,4,61,10,11,8,8,-14,0,-11,14,0,0,-27,-25,-26,-31,-34,-35,-35,-33,-57,-57,-44,-49,-192,-190,-191,-199,-170,-137,-160,-148,-137,-168,-150,-169,-618,-325,-239,-75,-94,-27,-364,-305,-637,-635,-635,-619,-892,-870,-5514,-3942,-29981,-29982]} 1. d4 Nf6 2. Nf3 g6 3. g3 Bg7 4. Bg2 O-O 5. O-O d6 6. c4 Nbd7 7. Nc3 e5 8. dxe5 dxe5 9. Qc2 c6 10. Rd1 Qe7 11. e4 h6 {E67: King's Indian: Fianchetto: 6...Nbd7} 12. b3 a5 13. a4 $146 ({White should play} 13. Ne1 $14) ({Predecessor:} 13. h3 Re8 14. Bb2 Nh7 15. Rd2 Ng5 16. Nxg5 Qxg5 17. Rad1 Nf8 18. Na4 Ne6 19. Nb6 {1-0 (39) Szabolcsi,J (2475)-Baume,C (1950) Val Thorens 1995}) 13... Nc5 $11 {[%cal Bd7c5,Bc5a6,Ba6b4][%mdl 32] The position is equal.} 14. h3 Na6 15. Ba3 Nb4 16. Qe2 Re8 17. Rd2 Nd7 18. Na2 Bf8 19. Ne1 Qf6 20. Nxb4 axb4 21. Bb2 (21. Bc1 $11) 21... Qe7 (21... Nc5 $15 22. Qd1 b5) 22. Nd3 Nc5 23. Nxc5 Qxc5 24. Rad1 Bg7 (24... h5 $11) 25. Rd8 (25. h4 $14) 25... Be6 26. Rxe8+ Rxe8 27. Qd3 Ra8 28. Qe2 Re8 29. Qd3 Bf6 30. Qd6 Qa5 31. Qd3 Rd8 32. Qe2 Rxd1+ 33. Qxd1 b5 34. cxb5 cxb5 35. axb5 Qxb5 36. Qd6 (36. Bf3 $15) 36... Qe2 $36 {[%mdl 2048] Keeping White busy.} 37. Bxe5 Bxe5 38. Qxe5 {Black should prevent Qb8+.} Qd1+ 39. Kh2 Qxb3 40. f4 Qc3 {And now ...Qxe5 would win.} 41. Qa5 {intending f5.} Kg7 {[#] Threatens to win with ...Bc4.} 42. g4 $2 (42. f5 gxf5 43. exf5) 42... Qd4 43. f5 gxf5 $2 (43... Bd7 $19 {and Black stays clearly on top.} 44. Qa2 Bb5) 44. gxf5 $17 Bd7 ({Better is} 44... Bb3 $17 {aiming for ...Bc2.} 45. Qc7 Kh7) 45. Qa2 $2 {[%mdl 8192] [#]} (45. Qc7 $11 {and White is okay.}) 45... Bb5 {White must now prevent ...Bc4.} 46. Bf3 $2 (46. Qb3 Bd3 47. Qd1) 46... Bc4 $19 47. Qg2+ Kh7 48. Qg3 {and the idea Bg2 leaves White hopeful.} b3 49. e5 Qd2+ 50. Bg2 Bd5 {Accuracy: White = 26%, Black = 50%.} 0-1

[Event "Sydney Open 2019"]
[Site "Sydney"]
[Date "2019.04.26"]
[Round "6.6"]
[White "Hamal, Manish"]
[Black "Xie, George Wendi"]
[Result "0-1"]
[WhiteElo "2008"]
[BlackElo "2359"]
[Annotator "TA"]
[PlyCount "40"]
[EventDate "2019.04.24"]
[EventType "swiss"]
[EventCountry "AUS"]
[SourceTitle "playchess.com"]
[Source "ChessBase"]
[SourceQuality "1"]

{[%evp 13,50,0,22,28,24,-14,1,-11,0,0,9,-50,-58,-61,-37,-73,-73,-71,-68,-79,-60,-106,-73,-168,-181,-161,-170,-137,-66,-65,-78,-281,-290,-1127,-1130,-1717,-1683,-1522,-1424]} 1. d4 d5 2. Nf3 c6 3. g3 Nf6 4. Bg2 g6 5. c4 Bg7 6. O-O O-O 7. Qb3 a5 8. cxd5 {D78: Fianchetto Grünfeld: 6 0-0 c6} a4 9. Qc2 $146 ({Predecessor:} 9. Qd1 cxd5 10. Nc3 Ne4 11. Nxa4 Qa5 12. Nc3 Nxc3 13. bxc3 Qxc3 14. Bd2 Qa3 15. Qb3 Nc6 {0-1 (54) Cheparinov,I (2709)-Artemiev,V (2709) Skopje 2018}) 9... Bf5 10. Qd1 {The position is equal.} cxd5 11. Nc3 Ne4 12. Nxe4 (12. Ng5 $11) 12... dxe4 $15 13. Ne5 Nd7 (13... Qb6 {keeps more tension.} 14. Be3 Qe6 15. b3 Rd8 16. Qc2 Nc6) 14. Nc4 Nb6 15. Nxb6 Qxb6 16. e3 $1 h5 17. h3 e5 {[%cal Re5d4]} 18. g4 (18. d5 $17) 18... hxg4 $19 19. hxg4 Be6 {[%cal Re5d4]} 20. d5 {[#]} Rad8 {Played: Rf8-d8} 0-1

[Event "Sydney Open 2019"]
[Site "Sydney"]
[Date "2019.04.27"]
[Round "7.1"]
[White "Kunte, Abhijit"]
[Black "Lane, Gary W"]
[Result "1/2-1/2"]
[WhiteElo "2485"]
[BlackElo "2357"]
[PlyCount "39"]
[EventDate "2019.04.24"]
[EventType "swiss"]
[EventCountry "AUS"]
[TimeControl "5400+30"]
[WhiteClock "0:37:14"]
[BlackClock "0:52:11"]

1. Nf3 {[%emt 0:00:00]} d5 {[%emt 0:03:14]} 2. c4 {[%emt 0:02:01]} d4 {[%emt 0:01:15]} 3. g3 {[%emt 0:00:42]} Nc6 {[%emt 0:01:16]} 4. Bg2 {[%emt 0:00:07]} e5 {[%emt 0:00:06]} 5. d3 {[%emt 0:00:04]} Bb4+ {[%emt 0:00:51]} 6. Bd2 {[%emt 0:00:07]} a5 {[%emt 0:01:04]} 7. O-O {[%emt 0:00:38]} Nf6 {[%emt 0:00:28]} 8. Na3 {[%emt 0:00:28]} O-O {[%emt 0:01:25]} 9. Nc2 {[%emt 0:00:05]} Bc5 {[%emt 0:03:06]} 10. a3 {[%emt 0:05:09]} a4 {[%emt 0:09:22]} 11. Bg5 {[%emt 0:14:31]} h6 {[%emt 0:05:17]} 12. Bxf6 {[%emt 0:00:07]} Qxf6 {[%emt 0:00:03]} 13. Nb4 {[%emt 0:00:06]} Ne7 {[%emt 0:07:33]} 14. Nd2 {[%emt 0:05:26]} Qb6 {[%emt 0:19:02]} 15. Nc2 {[%emt 0:03:01]} f5 {[%emt 0:03:48]} 16. Rb1 {[%emt 0:00:10]} Qd6 {[%emt 0:01:38]} 17. Ra1 {[%emt 0:12:19]} Ra7 {[%emt 0:01:38]} 18. Qc1 {[%emt 0:01:48]} Bd7 {[%emt 0:01:05]} 19. b4 {[%emt 0:00:38]} axb3 {[%emt 0:00:05]} 20. Nxb3 {[%emt 0:00:22]} 1/2-1/2

[Event "Sydney Open 2019"]
[Site "Sydney"]
[Date "2019.04.27"]
[Round "7.3"]
[White "Padmini, Rout"]
[Black "Fernandez, Daniel Howard"]
[Result "1/2-1/2"]
[WhiteElo "2364"]
[BlackElo "2467"]
[Annotator "TA"]
[PlyCount "105"]
[EventDate "2019.04.24"]
[EventType "swiss"]
[EventCountry "AUS"]

{[%evp 19,105,49,46,37,36,16,27,4,28,28,27,35,24,13,16,0,8,4,19,5,0,0,0,0,0,-18,20,0,0,-6,-6,-6,-14,-18,-17,-16,-17,-12,-14,-27,-25,-29,-26,-48,-31,-56,-51,-58,-50,-169,-22,-33,-18,-12,0,-8,-8,-8,0,0,0,0,0,0,0,0,0,0,0,0,0,0,0,0,0,0,0,0,0,0,0,0,0,0,0,0,0,0]} 1. e4 e5 2. Nf3 Nf6 3. Nxe5 d6 4. Nf3 Nxe4 5. d4 d5 6. Bd3 Be7 7. O-O Nd6 8. Re1 O-O 9. Bf4 Re8 10. Nbd2 Nd7 {[%cal Bb8d7,Bd7f8,Bf8e6][%mdl 32]} 11. c3 {C42: Petroff Defence: 3 Nxe5 and unusual White 3rd moves} Nf8 12. Qc2 g6 13. Re2 {White has an edge.} c6 14. Rae1 Ne6 {[#]} 15. Bg3 $146 ({Predecessor:} 15. Rxe6 Bxe6 16. Rxe6 fxe6 17. Bxg6 Nf5 18. Bxe8 Qxe8 {½-½ (60) Cheparinov,I (2696)-Istratescu,A (2633) Dresden 2008}) 15... Ng7 16. h3 Bf5 17. Be5 Bxd3 18. Qxd3 Qd7 19. Bxg7 Kxg7 20. Ne5 Qc7 21. Qf3 Bg5 22. Qd3 Be7 23. g3 Bf8 24. Kg2 f6 25. Nef3 Qd7 26. Re3 Kg8 27. Rxe8 Rxe8 28. Rxe8 Qxe8 29. h4 Qe6 30. b3 Bh6 31. a4 Kf7 32. h5 Ne4 33. hxg6+ hxg6 34. Nf1 {[#]} (34. Kf1 $1 $15) 34... Nd6 ({Better is} 34... Qh3+ $1 $19 {[%mdl 512]} 35. Kxh3 Nxf2+ {[%mdl 64] Double Attack} 36. Kg2 Nxd3) 35. N1d2 a5 36. c4 {The position is equal.} Qf5 (36... Ne4 {looks sharper.} 37. cxd5 cxd5 38. Qc2 Qc6 39. Qd3 Kf8) 37. Qxf5 Nxf5 38. cxd5 cxd5 $11 {[%mdl 4096] Endgame KBN-KNN} 39. Nb1 Ke6 40. Nc3 Nd6 41. Kf1 g5 42. g4 f5 43. gxf5+ $1 Nxf5 {...g4 is the strong threat.} 44. Nb5 g4 45. Ne1 g3 46. Nc2 b6 47. Kg2 gxf2 48. Kxf2 Ne7 49. b4 Nc6 50. bxa5 Nxa5 51. Nb4 Nc4 52. Nc7+ Kd6 53. Nb5+ {Accuracy: White = 54%, Black = 60%.} 1/2-1/2

[Event "Sydney Open 2019"]
[Site "Sydney"]
[Date "2019.04.27"]
[Round "7.4"]
[White "Steadman, Michael V R"]
[Black "McClymont, Brodie"]
[Result "0-1"]
[WhiteElo "2258"]
[BlackElo "2360"]
[PlyCount "60"]
[EventDate "2019.04.24"]
[EventType "swiss"]
[EventCountry "AUS"]
[TimeControl "5400+30"]
[WhiteClock "0:12:22"]
[BlackClock "0:22:53"]

1. d4 {[%emt 0:00:00]} Nf6 {[%emt 0:00:00]} 2. c4 {[%emt 0:00:00]} g6 {[%emt 0:00:00]} 3. Nc3 {[%emt 0:00:00]} Bg7 {[%emt 0:00:00]} 4. e4 {[%emt 0:00:00]} d6 {[%emt 0:00:00]} 5. Be2 {[%emt 0:00:00]} O-O {[%emt 0:00:02]} 6. Be3 {[%emt 0:00:03]} Na6 {[%emt 0:03:30]} 7. g4 {[%emt 0:03:42]} c5 {[%emt 0:00:17]} 8. d5 {[%emt 0:00:07]} e6 {[%emt 0:00:27]} 9. h3 {[%emt 0:02:28]} exd5 {[%emt 0:00:46]} 10. exd5 {[%emt 0:01:16]} Re8 {[%emt 0:02:24]} 11. Qc2 {[%emt 0:06:01]} b5 {[%emt 0:12:42]} 12. Nxb5 {[%emt 0:04:24]} Nb4 {[%emt 0:00:23]} 13. Qb1 {[%emt 0:02:39]} Nbxd5 {[%emt 0:08:18]} 14. cxd5 {[%emt 0:04:37]} Nxd5 {[%emt 0:01:16]} 15. Qd3 {[%emt 0:10:41]} Bb7 {[%emt 0:21:13]} 16. Nf3 {[%emt 0:05:24]} a6 {[%emt 0:00:19]} 17. Na3 {[%emt 0:04:54]} Bxb2 {[%emt 0:01:11]} 18. Nc2 {[%emt 0:05:20]} Bc3+ {[%emt 0:14:32]} 19. Kf1 {[%emt 0:01:29]} Bxa1 {[%emt 0:07:54]} 20. Nxa1 {[%emt 0:00:07]} Qf6 {[%emt 0:00:37]} 21. Kg2 {[%emt 0:01:05]} c4 {[%emt 0:05:15]} 22. Qd2 {[%emt 0:04:37]} c3 {[%emt 0:00:05]} 23. Qd3 {[%emt 0:00:39]} Nf4+ {[%emt 0:00:19]} 24. Bxf4 {[%emt 0:00:15]} Qxf4 {[%emt 0:00:03]} 25. Bd1 {[%emt 0:02:30]} Rac8 {[%emt 0:04:07]} 26. Nc2 {[%emt 0:01:20]} Be4 {[%emt 0:04:54]} 27. Qd4 {[%emt 0:14:10]} Rc4 {[%emt 0:00:30]} 28. Qb6 {[%emt 0:00:06]} h5 {[%emt 0:00:30]} 29. gxh5 {[%emt 0:00:30]} Rc5 {[%emt 0:00:39]} 30. Re1 {[%emt 0:03:43]} Rg5+ {[%emt 0:00:25]} 0-1

[Event "Sydney Open 2019"]
[Site "Sydney"]
[Date "2019.04.27"]
[Round "7.5"]
[White "Xie, George Wendi"]
[Black "Gong, Daniel Hanwen"]
[Result "1-0"]
[WhiteElo "2359"]
[BlackElo "2246"]
[PlyCount "83"]
[EventDate "2019.04.24"]
[EventType "swiss"]
[EventCountry "AUS"]
[TimeControl "5400+30"]
[WhiteClock "0:04:13"]
[BlackClock "1:06:14"]

1. d4 {[%emt 0:01:15]} Nf6 {[%emt 0:00:00]} 2. Nc3 {[%emt 0:00:04]} d5 {[%emt 0:01:31]} 3. Bg5 {[%emt 0:00:09]} g6 {[%emt 0:00:35]} 4. Qd2 {[%emt 0:00:03]} c6 {[%emt 0:03:23]} 5. f3 {[%emt 0:01:35]} h6 {[%emt 0:01:53]} 6. Bh4 {[%emt 0:01:12]} g5 {[%emt 0:00:12]} 7. Bg3 {[%emt 0:00:15]} Bf5 {[%emt 0:00:14]} 8. O-O-O {[%emt 0:00:44]} Nbd7 {[%emt 0:01:25]} 9. Qe1 {[%emt 0:08:19]} e6 {[%emt 0:06:01]} 10. e4 {[%emt 0:00:04]} Bh7 {[%emt 0:02:13]} 11. a3 {[%emt 0:00:14]} Nb6 {[%emt 1:14:20]} 12. h4 {[%emt 0:06:10]} Nh5 {[%emt 0:00:00]} 13. Bf2 {[%emt 0:01:51]} Be7 14. hxg5 {[%emt 0:00:00]} Bxg5+ 15. Kb1 {[%emt 0:00:00]} Bg6 16. Nh3 {[%emt 0:00:00]} Be7 17. g4 {[%emt 0:02:32]} Ng7 18. Nf4 {[%emt 0:00:00]} Qc7 19. Nxg6 {[%emt 0:00:00]} fxg6 20. exd5 {[%emt 0:00:00]} cxd5 21. Bg3 {[%emt 0:00:15]} Bd6 22. Nb5 {[%emt 0:00:20]} Bxg3 23. Nxc7+ {[%emt 0:00:05]} Bxc7 24. Qe3 {[%emt 0:01:46]} g5 25. Bb5+ {[%emt 0:06:25]} Ke7 26. Rh3 {[%emt 0:00:45]} a6 27. Bd3 {[%emt 0:00:05]} Raf8 28. Qe2 {[%emt 0:04:44]} Rf4 29. c3 {[%emt 0:00:05]} Kd7 30. Rdh1 {[%emt 0:00:05]} Rf6 31. Qc2 {[%emt 0:00:00]} Kc8 32. Bg6 {[%emt 0:00:05]} Rhf8 33. Rxh6 {[%emt 0:00:20]} Rxf3 34. Rh7 {[%emt 0:00:06]} Rf2 35. Qc1 {[%emt 0:02:31]} Ne8 36. Bxe8 {[%emt 0:01:01]} Rxe8 37. Rh8 {[%emt 0:00:56]} Rxh8 38. Rxh8+ {[%emt 0:00:05]} Kd7 39. Rh7+ {[%emt 0:00:05]} Kc6 40. Qe1 {[%emt 0:00:20]} Rf4 41. Qxe6+ {[%emt 0:00:05]} Bd6 42. Qe8+ {[%emt 0:00:10]} 1-0

[Event "Sydney Open 2019"]
[Site "Sydney"]
[Date "2019.04.27"]
[Round "7.6"]
[White "Solomon, Stephen J"]
[Black "Nakauchi, Gene"]
[Result "1-0"]
[WhiteElo "2338"]
[BlackElo "2221"]
[PlyCount "99"]
[EventDate "2019.04.24"]
[EventType "swiss"]
[EventCountry "AUS"]
[TimeControl "5400+30"]
[WhiteClock "0:00:09"]
[BlackClock "0:00:16"]

1. e4 {[%emt 1:08:42]} c5 {[%emt 1:30:20]} 2. Nf3 {[%emt 0:21:54]} e6 {[%emt 0:00:28]} 3. d4 {[%emt 0:00:45]} cxd4 {[%emt 0:00:30]} 4. Nxd4 {[%emt 0:00:31]} a6 {[%emt 0:00:32]} 5. Nc3 {[%emt 0:00:22]} b5 {[%emt 0:00:00]} 6. Bd3 {[%emt 0:00:34]} Bb7 {[%emt 0:00:00]} 7. O-O {[%emt 0:00:00]} Bc5 {[%emt 0:00:00]} 8. Nb3 {[%emt 0:00:00]} Ba7 {[%emt 0:00:59]} 9. e5 {[%emt 0:00:00]} f5 {[%emt 0:00:00]} 10. exf6 {[%emt 0:00:00]} Nxf6 {[%emt 0:00:00]} 11. Bg5 {[%emt 0:00:00]} O-O {[%emt 0:02:16]} 12. Qe2 {[%emt 0:00:54]} Qc7 {[%emt 0:00:00]} 13. Rad1 {[%emt 0:00:00]} Nc6 {[%emt 0:00:00]} 14. Be3 {[%emt 0:00:00]} Bxe3 {[%emt 0:00:00]} 15. Qxe3 {[%emt 0:03:24]} Nb4 {[%emt 0:00:00]} 16. a3 {[%emt 0:00:00]} Nbd5 {[%emt 0:00:00]} 17. Nxd5 {[%emt 0:00:00]} Nxd5 {[%emt 0:03:19]} 18. Qc5 {[%emt 0:00:00]} Qf4 {[%emt 0:00:00]} 19. Rde1 {[%emt 0:01:46]} d6 {[%emt 0:00:00]} 20. Qd4 {[%emt 0:00:00]} e5 {[%emt 0:00:00]} 21. Qe4 {[%emt 0:00:00]} Rab8 {[%emt 0:00:00]} 22. Qxh7+ {[%emt 0:00:00]} Kf7 {[%emt 0:02:23]} 23. Qg6+ {[%emt 0:00:29]} Ke7 {[%emt 0:00:21]} 24. g3 {[%emt 0:01:31]} Qf6 {[%emt 0:00:00]} 25. f4 {[%emt 0:00:40]} Qxg6 {[%emt 0:00:00]} 26. Bxg6 {[%emt 0:01:20]} Kf6 {[%emt 0:01:41]} 27. Be4 {[%emt 0:00:00]} Ke6 {[%emt 0:00:00]} 28. Bxd5+ {[%emt 0:00:00]} Kxd5 {[%emt 0:00:21]} 29. fxe5 {[%emt 0:01:06]} Rxf1+ {[%emt 0:00:13]} 30. Kxf1 {[%emt 0:00:00]} Rf8+ {[%emt 0:00:52]} 31. Ke2 {[%emt 0:00:22]} Re8 {[%emt 0:00:00]} 32. Kf2 {[%emt 0:00:00]} Rxe5 {[%emt 0:01:03]} 33. Rxe5+ {[%emt 0:01:57]} dxe5 {[%emt 0:00:56]} 34. Ke3 {[%emt 0:00:36]} Bc8 {[%emt 0:00:38]} 35. Nc1 {[%emt 0:00:00]} Bf5 {[%emt 0:00:24]} 36. Nd3 {[%emt 0:00:58]} a5 {[%emt 0:00:26]} 37. b3 {[%emt 0:00:00]} Be6 {[%emt 0:00:00]} 38. h4 {[%emt 0:00:32]} Bf5 {[%emt 0:00:23]} 39. c3 {[%emt 0:00:26]} Be6 {[%emt 0:00:59]} 40. Nb2 {[%emt 0:00:44]} Kd6 {[%emt 0:00:06]} 41. b4 {[%emt 0:00:20]} a4 {[%emt 0:01:00]} 42. c4 {[%emt 0:00:10]} Bxc4 {[%emt 0:00:15]} 43. Nxc4+ {[%emt 0:01:22]} bxc4 {[%emt 0:01:02]} 44. Ke4 {[%emt 0:00:00]} Ke6 {[%emt 0:00:24]} 45. g4 {[%emt 0:00:44]} Kf6 {[%emt 0:00:28]} 46. b5 {[%emt 0:00:43]} Ke6 {[%emt 0:00:33]} 47. h5 {[%emt 0:00:29]} Kd6 {[%emt 0:00:34]} 48. g5 {[%emt 0:00:22]} Kc5 {[%emt 0:00:29]} 49. h6 {[%emt 0:00:42]} gxh6 {[%emt 0:00:26]} 50. gxh6 {[%emt 0:00:19]} 1-0

[Event "Sydney Open 2019"]
[Site "Sydney"]
[Date "2019.04.27"]
[Round "8.1"]
[White "Ikeda, Junta"]
[Black "Kunte, Abhijit"]
[Result "1/2-1/2"]
[WhiteElo "2441"]
[BlackElo "2485"]
[Annotator "TA"]
[PlyCount "141"]
[EventDate "2019.04.24"]
[EventType "swiss"]
[EventCountry "AUS"]

{[%evp 10,141,22,0,0,-7,6,14,8,6,43,42,35,18,20,4,0,0,-6,0,10,-50,-34,-32,-46,-30,0,0,0,0,38,33,35,44,32,14,46,25,67,65,109,97,111,93,85,81,131,139,132,129,129,81,81,82,100,93,110,106,119,106,116,108,108,108,127,118,160,168,158,158,185,160,200,212,215,214,209,211,188,188,180,179,187,189,215,186,187,104,103,92,188,156,154,8,8,8,8,8,8,8,8,0,0,0,0,0,0,0,0,0,0,0,0,0,0,0,0,0,0,0,0,0,0,0,0,0,0,0,0,0,0,0,0,0]} 1. d4 Nf6 2. c4 e6 3. Nf3 Bb4+ 4. Bd2 a5 5. Nc3 b6 6. Bg5 Bb7 {E11: Bogo-Indian} 7. e3 a4 8. a3 Bxc3+ 9. bxc3 Ra5 10. Bh4 d6 11. Bd3 Nbd7 12. O-O $146 ({Predecessor:} 12. Rb1 Qa8 13. Rb5 Bc6 14. Rxa5 Qxa5 {0-1 (29) Epishin,V (2572)-Turov,M (2667) Helmond 2012}) 12... Qa8 13. Ne1 g5 14. Bg3 h5 {Hoping for ...h4.} 15. f3 (15. h4 $11) 15... h4 $15 16. Bf2 g4 $1 17. e4 $1 gxf3 18. gxf3 Rg5+ 19. Kh1 Ke7 (19... Nh5 $5 {[%cal Rh5g3]} 20. Be3 (20. Bxh4 Ng3+ 21. Bxg3 Rxg3 $11) 20... Rg7 $11) 20. Rg1 Qg8 21. Rxg5 Qxg5 22. Qc1 $36 {[%mdl 2048] White is more active.} Qh5 23. Qe3 Qa5 24. Rc1 Rh5 25. Ng2 h3 26. Nf4 Rh8 27. Qd2 Nf8 28. Rg1 Ke8 29. Rg3 Bc8 30. Rxh3 Rxh3 31. Nxh3 Qh5 32. Ng1 e5 33. Bc2 Bd7 34. Qd1 Ne6 35. Bxa4 Bxa4 36. Qxa4+ Ke7 37. Qc2 Nh7 38. Be3 Nhf8 39. Qg2 Ng6 40. Qh3 Qh4 41. Qxh4+ Nxh4 $18 {[%mdl 4096] Endgame KBN-KNN} 42. Bf2 Ng6 43. Ne2 c5 44. Kg2 Ngf4+ 45. Nxf4 Nxf4+ {KB-KN} 46. Kf1 Nd3 47. Be3 Nb2 48. d5 (48. Bc1 $18 Nxc4 49. dxc5 dxc5 50. h4) 48... Nxc4 $16 49. Bc1 b5 (49... f5 $16) 50. h4 f5 51. Bg5+ (51. exf5 Kf6 $11) ({White has to play} 51. Ke2 $1 $16) 51... Kf7 $11 {The position is equal.} 52. exf5 {White wants to play h5.} Nxa3 53. Ke2 Nc4 54. h5 {Threatens to win with h6.} Nb6 55. h6 {Black must now prevent Be7!} Nxd5 56. Be7 Nxe7 {KN-KP} 57. h7 {[#]} Ng6 $1 {[%cal Rg6f4]} 58. fxg6+ {KP-KP} Kg7 59. Ke3 d5 $1 60. f4 d4+ 61. cxd4 cxd4+ 62. Ke4 exf4 (62... d3 $5 63. f5 $8 (63. Kxd3 exf4 64. Kc3 f3 65. Kd3 b4 66. Ke3 b3 67. Kd3 f2 68. Kc3 f1=Q 69. Kxb3 Qf6 70. Kb4 Kxg6 71. Kc4 Kxh7 72. Kd3 Qb2 73. Ke3 Kg6 74. Kd3 Qb4 75. Ke3 Kf5 76. Kf2 Qe4 77. Kg1 Kf4 78. Kf2 Qc2+ 79. Ke1 Kf3 80. Kf1 Qf2#) 63... d2 64. f6+ Kxg6 $11) 63. Kxf4 {White threatens Ke5 and mate. KPP-KPP} b4 64. Ke5 {White wants to mate with Ke6.} b3 $1 {[%cal Rb3b2]} ({Weaker is} 64... d3 65. Ke6 Kxg6 66. h8=Q Kg5 {[#]} 67. Qd4 $1 {[%mdl 512]} d2 68. Qxd2+ Kg4 69. Ke5) 65. Ke6 $1 b2 {[#]} 66. h8=Q+ $1 {[%mdl 512]} Kxh8 67. Kf7 {g7+ would kill now.} b1=Q 68. g7+ Kh7 69. g8=Q+ Kh6 70. Qg7+ Kh5 {( -> ...Qb7+)} 71. Qxd4 {Accuracy: White = 73%, Black = 63%.} 1/2-1/2

[Event "Sydney Open 2019"]
[Site "Sydney"]
[Date "2019.04.27"]
[Round "8.2"]
[White "Lane, Gary W"]
[Black "Song, Raymond"]
[Result "0-1"]
[WhiteElo "2357"]
[BlackElo "2329"]
[PlyCount "82"]
[EventDate "2019.04.24"]
[EventType "swiss"]
[EventCountry "AUS"]
[TimeControl "5400+30"]
[WhiteClock "0:40:26"]
[BlackClock "0:03:44"]

1. e4 {[%emt 0:01:22]} e5 {[%emt 0:00:00]} 2. Nf3 {[%emt 0:01:02]} Nc6 {[%emt 0:00:03]} 3. Bb5 {[%emt 0:03:38]} Nf6 {[%emt 0:00:09]} 4. d3 {[%emt 0:00:11]} Bc5 {[%emt 0:00:09]} 5. c3 {[%emt 0:00:53]} O-O {[%emt 0:00:15]} 6. O-O {[%emt 0:01:39]} d6 {[%emt 0:00:08]} 7. Nbd2 {[%emt 0:08:26]} a6 {[%emt 0:00:06]} 8. Ba4 {[%emt 0:01:37]} b5 {[%emt 0:02:01]} 9. Bc2 {[%emt 0:02:50]} Bb6 {[%emt 0:00:58]} 10. a4 {[%emt 0:02:49]} Be6 {[%emt 0:02:29]} 11. b4 {[%emt 0:04:27]} h6 {[%emt 0:01:59]} 12. h3 {[%emt 0:16:53]} d5 {[%emt 0:00:36]} 13. Bb2 {[%emt 0:09:06]} Qd7 {[%emt 0:05:55]} 14. Nb3 {[%emt 0:11:42]} Rad8 {[%emt 0:15:10]} 15. exd5 {[%emt 0:01:47]} Nxd5 {[%emt 0:04:11]} 16. Nc5 {[%emt 0:09:05]} Bxc5 {[%emt 0:00:05]} 17. bxc5 {[%emt 0:00:06]} Nf4 {[%emt 0:01:35]} 18. Ne1 {[%emt 0:04:23]} e4 {[%emt 0:01:36]} 19. d4 {[%emt 0:01:57]} Bc4 {[%emt 0:00:15]} 20. Bxe4 {[%emt 0:00:10]} Bxf1 {[%emt 0:07:37]} 21. Kxf1 {[%emt 0:00:08]} Ne7 {[%emt 0:01:20]} 22. Qf3 {[%emt 0:01:21]} Neg6 {[%emt 0:01:18]} 23. g3 {[%emt 0:02:33]} Nd5 {[%emt 0:02:55]} 24. h4 {[%emt 0:04:15]} Nge7 {[%emt 0:02:02]} 25. Bc2 {[%emt 0:01:16]} Qh3+ {[%emt 0:07:44]} 26. Kg1 {[%emt 0:01:41]} f5 {[%emt 0:00:12]} 27. Bd3 {[%emt 0:02:04]} f4 {[%emt 0:01:52]} 28. Bf1 {[%emt 0:01:17]} Qe6 {[%emt 0:00:16]} 29. Nd3 {[%emt 0:00:49]} fxg3 {[%emt 0:00:31]} 30. Qxg3 {[%emt 0:00:04]} Nf5 {[%emt 0:00:57]} 31. Qh3 {[%emt 0:00:25]} Qg6+ {[%emt 0:00:52]} 32. Bg2 {[%emt 0:00:15]} Nxh4 {[%emt 0:00:31]} 33. Ne5 {[%emt 0:03:09]} Qxg2+ {[%emt 0:01:22]} 34. Qxg2 {[%emt 0:00:04]} Nxg2 {[%emt 0:00:03]} 35. Kxg2 {[%emt 0:00:04]} Rf5 {[%emt 0:01:01]} 36. axb5 {[%emt 0:01:12]} axb5 {[%emt 0:00:06]} 37. Ra7 {[%emt 0:01:05]} Rdf8 {[%emt 0:00:11]} 38. f3 {[%emt 0:00:09]} Ne3+ {[%emt 0:00:29]} 39. Kh2 {[%emt 0:00:06]} Rh5+ {[%emt 0:00:18]} 40. Kg1 {[%emt 0:00:13]} Rg5+ {[%emt 0:00:05]} 41. Kh2 {[%emt 0:00:33]} Rf4 {[%emt 0:00:42]} 0-1